Jacques rocy lève le voile /

Saved in:
Bibliographic Details
Main Author: Lamblin Pierre
Format: Book
Language:Vietnamese
Published: Paris : Département des press de la cité , 1968
Edition:In lần thứ 1
Subjects:
Tags: Add Tag
No Tags, Be the first to tag this record!
Institutions: Thư viện Trường CĐ Kỹ Thuật Cao Thắng
LEADER 00608nam a2200193 a 4500
001 TVCDKTCT5564
003 Thư viện trường Cao đẳng Kỹ thuật Cao Thắng
005 20060615000000
008 060615
980 \ \ |a Thư viện Trường CĐ Kỹ Thuật Cao Thắng 
024 |a RG_1 #1 eb0 i1 
041 0 # |a vie 
082 # # |a 840 /   |b J100C-q 
100 1 # |a Lamblin Pierre 
245 0 0 |a Jacques rocy lève le voile /  |c Lamblin Pierre 
250 # # |a In lần thứ 1 
260 # # |a Paris :  |b Département des press de la cité ,  |c 1968 
300 # # |a 187tr. ;  |c 17cm 
650 # 4 |a Văn học Pháp